| 000 | 005880000a22001810004500 | ||
|---|---|---|---|
| 003 | MACL | ||
| 005 | 20160608150317.0 | ||
| 008 | 160608b xxu||||| |||| 00| 0 eng d | ||
| 040 |
_aMACL _cMACL |
||
| 041 | _aHindi | ||
| 082 | _a954 TRI | ||
| 100 |
_aत्रिपाठी, वचनेश _961009 |
||
| 245 |
_aजरा याद करो कुर्बानी _cवचनेश त्रिपाठी |
||
| 260 |
_aनई दिल्ली _bनीलकंठ प्रकाशन _c2011 |
||
| 350 | _a300 | ||
| 650 |
_aHistory _963122 |
||
| 942 |
_cHIN _k954/TRI _2ddc |
||
| 999 |
_c46270 _d46270 |
||